<?xml version="1.0" encoding="UTF-8"?>
<record
    xmlns:xsi="http://www.w3.org/2001/XMLSchema-instance"
    xsi:schemaLocation="http://www.loc.gov/MARC21/slim http://www.loc.gov/standards/marcxml/schema/MARC21slim.xsd"
    xmlns="http://www.loc.gov/MARC21/slim">

  <leader>02672cam a2200265 a 4500</leader>
  <controlfield tag="001">17427719</controlfield>
  <controlfield tag="005">20161108115010.0</controlfield>
  <controlfield tag="008">120808t2013    njua   frb    001 0 eng d</controlfield>
  <datafield tag="020" ind1=" " ind2=" ">
    <subfield code="a">9780470942383</subfield>
  </datafield>
  <datafield tag="040" ind1=" " ind2=" ">
    <subfield code="a">DNLM/DLC</subfield>
    <subfield code="c">DLC</subfield>
    <subfield code="d">DLC</subfield>
    <subfield code="d">EG-ScBUE</subfield>
    <subfield code="b">eng</subfield>
  </datafield>
  <datafield tag="082" ind1="0" ind2="4">
    <subfield code="a">615.19</subfield>
    <subfield code="2">22</subfield>
    <subfield code="b">MAS</subfield>
  </datafield>
  <datafield tag="245" ind1="0" ind2="0">
    <subfield code="a">Mass spectrometry for drug discovery and drug development /</subfield>
    <subfield code="c">edited by Walter A. Korfmacher.</subfield>
  </datafield>
  <datafield tag="260" ind1=" " ind2=" ">
    <subfield code="a">Hoboken :</subfield>
    <subfield code="b">John Wiley &amp; Sons,</subfield>
    <subfield code="c">c.2013.</subfield>
  </datafield>
  <datafield tag="300" ind1=" " ind2=" ">
    <subfield code="a">xii, 461 p. :</subfield>
    <subfield code="b">ill. ;</subfield>
    <subfield code="c">26 cm.</subfield>
  </datafield>
  <datafield tag="500" ind1=" " ind2=" ">
    <subfield code="a">Index : p. 427-461.</subfield>
  </datafield>
  <datafield tag="504" ind1=" " ind2=" ">
    <subfield code="a">Includes bibliographical references.</subfield>
  </datafield>
  <datafield tag="505" ind1="0" ind2=" ">
    <subfield code="a">1. Overview of the various types of mass spectrometers that are used in drug discovery and drug development / Gerard Hopfgartner -- 2. Utility of high resolution mass spectrometry for new drug discovery applications / William Bart Emary and Nanyan Rena Zhang -- 3. Quantitative mass spectrometry considerations in a regulated environment / Mohammed Jemal and Yuan-Qing Xia -- 4. Mass spectrometry for quantitative in vitro ADME assays / Jun Zhang and Wilson Z. Shou -- 5. Metabolite identification using mass spectrometry in drug development / Natalia Penner, Joanna Zgoda-Pols, and Chandra Prakash -- 6. MS analysis of biological drugs, proteins, and peptides / Yi Du, John Mehl, and Pavlo Pristatsky -- 7. Characterization of impurities and degradation products in small molecule pharmaceuticals and biologics / Hui Wei, Guodong Chen and Adrienne A. Tymiak -- 8. Liquid extraction surface analysis (LESA) : a new mass spectrometry-based technique for ambient surface profiling / Dan Eikel and Jack Henion -- 9. MS applications in support of medicinal chemistry sciences / Maarten Honing, Benno Ingelse, and Birendra&#xFFFD;y N. Pramanik -- 10. Imaging mass spectrometry of proteins and peptides / Michelle L. Reyzer and Richard M. Caprioli -- 11. Imaging mass spectrometry for drugs and metabolites / Stacey R. Oppenheimer -- 12. Screening reactive metabolites : role of liquid chromatography-high resolution mass spectrometry in combination with 'intelligent' data mining tools / Shuguang Ma and Swapan K. Chowdhury -- 13. Mass spectrometry of siRNA / Mark Cancilla and Mike Flanagan -- 14. Mass spectrometry for metabolomics / Petia Shipkova and Michael D. Reily -- 15. Quantitative analysis of peptides with mass spectrometry : selected reaction monitoring or high resolution full scan? / Lieve Dillen and Filip Cuyckens.</subfield>
  </datafield>
  <datafield tag="650" ind1=" " ind2="7">
    <subfield code="a">Drugs</subfield>
    <subfield code="2">BUEsh</subfield>
    <subfield code="9">39601</subfield>
    <subfield code="x">Analysis.</subfield>
  </datafield>
  <datafield tag="650" ind1=" " ind2="7">
    <subfield code="a">Mass spectrometry</subfield>
    <subfield code="x">methods.</subfield>
    <subfield code="2">BUEsh</subfield>
  </datafield>
  <datafield tag="650" ind1=" " ind2="7">
    <subfield code="a">Drug development.</subfield>
    <subfield code="2">BUEsh</subfield>
  </datafield>
  <datafield tag="651" ind1=" " ind2=" ">
    <subfield code="2">BUEsh</subfield>
  </datafield>
  <datafield tag="653" ind1=" " ind2=" ">
    <subfield code="b">PPhrm</subfield>
    <subfield code="c">November2016</subfield>
  </datafield>
  <datafield tag="700" ind1="1" ind2=" ">
    <subfield code="a">Korfmacher, Walter A.,</subfield>
    <subfield code="e">editor.</subfield>
  </datafield>
  <datafield tag="942" ind1=" " ind2=" ">
    <subfield code="2">ddc</subfield>
  </datafield>
  <datafield tag="999" ind1=" " ind2=" ">
    <subfield code="c">23069</subfield>
    <subfield code="d">23041</subfield>
  </datafield>
  <datafield tag="952" ind1=" " ind2=" ">
    <subfield code="0">0</subfield>
    <subfield code="1">0</subfield>
    <subfield code="2">ddc</subfield>
    <subfield code="4">0</subfield>
    <subfield code="7">0</subfield>
    <subfield code="8">Baccah</subfield>
    <subfield code="a">MAIN</subfield>
    <subfield code="b">MAIN</subfield>
    <subfield code="c">1ST</subfield>
    <subfield code="d">2016-11-08</subfield>
    <subfield code="e">Purchase</subfield>
    <subfield code="g">1530.00</subfield>
    <subfield code="l">0</subfield>
    <subfield code="o">615.19 MAS</subfield>
    <subfield code="p">000034762</subfield>
    <subfield code="r">2025-07-15 00:00:00</subfield>
    <subfield code="y">NB</subfield>
  </datafield>
  <datafield tag="952" ind1=" " ind2=" ">
    <subfield code="0">0</subfield>
    <subfield code="1">0</subfield>
    <subfield code="2">ddc</subfield>
    <subfield code="4">0</subfield>
    <subfield code="7">0</subfield>
    <subfield code="8">Baccah</subfield>
    <subfield code="a">MAIN</subfield>
    <subfield code="b">MAIN</subfield>
    <subfield code="c">1ST</subfield>
    <subfield code="d">2016-11-08</subfield>
    <subfield code="e">Purchase</subfield>
    <subfield code="g">1530.00</subfield>
    <subfield code="l">0</subfield>
    <subfield code="o">615.19 MAS</subfield>
    <subfield code="p">000034763</subfield>
    <subfield code="r">2025-07-15 00:00:00</subfield>
    <subfield code="y">BB</subfield>
  </datafield>
  <datafield tag="952" ind1=" " ind2=" ">
    <subfield code="0">0</subfield>
    <subfield code="1">0</subfield>
    <subfield code="2">ddc</subfield>
    <subfield code="4">0</subfield>
    <subfield code="7">0</subfield>
    <subfield code="8">Baccah</subfield>
    <subfield code="a">MAIN</subfield>
    <subfield code="b">MAIN</subfield>
    <subfield code="c">1ST</subfield>
    <subfield code="d">2016-11-08</subfield>
    <subfield code="e">Purchase</subfield>
    <subfield code="g">1530.00</subfield>
    <subfield code="l">0</subfield>
    <subfield code="o">615.19 MAS</subfield>
    <subfield code="p">000034764</subfield>
    <subfield code="r">2025-07-15 00:00:00</subfield>
    <subfield code="y">BB</subfield>
  </datafield>
</record>
